Віхола (Запис № 17560)

000 -Маркер запису
Контрольне поле сталої довжини 02135nam a22002537a 4500
003 - Належність контрольного номера
Контрольне поле Uzh_bibl
008 - Кодовані дані
Контрольне поле сталої довжини 260429b |||||||| |||| 00| 0 ukr d
020 ## - Індекс ISBN
Ціна 1.30
040 ## - Джерело каталогіз.
Служба первин.кат. укр.
041 ## - Код мови видання
Код мови оригіналу українська
Код мови тексту українська
080 ## - Індекс УДК
Індекс УДК 821(477)
090 ## - Шифри
Поличний індекс 821(477)
Авторський знак М 93
100 ## - Автор
Автор Мушкетик, Юрій
245 ## - Назва
Назва Віхола
Фізичний носій Текст
260 ## - Вихідні дані
Місце видання Київ
Видавництво Молодь
Дата видання 1983
300 ## - Фізичний опис
Обсяг 304 с.
Тип одиниці В опр.
520 ## - Анотація
Анотація Роман відомого українського письменника, лауреата Державної премії УРСР імені Т. Г. Шевченка розповідає про ті дні Другої світової війни, коли ворог наступав на Схід і, крім загальної ненависті до нього, у людей було багато сімейних, побутових та інтимних проблем. Війна, як лакмус, випробовувала людей, породжувала пристрасті, ламала або загартовувала їх на боротьбу.<br/>У цій страшній кривавій хуртовині зіткнулися долі трьох молодих людей, комсомольців Віри і Михайла, і його дружини Проні.<br/>Письменник глибоко і тонко досліджує внутрішню мотивацію почуттів і вчинків своїх героїв, їх готовність до подвигу, їх відданість високим і гуманним ідеалам.
521 ## - Примітка про цільове призначення
Примітка про цільове призначення Для широкого кола читачів
546 ## - Примітка про мову
Примітка про мову укр.
650 ## - Тематичні рубрики
Основна рубрика Літературно-художнє видання
Хронологічна підрубрика Друга світова війна, час наступу німецьких військ на Схід (початок 1940-х років)
Географічна підрубрика Україна
653 ## - Ключові слова
Ключові слова Війна
-- Кохання
-- Вибір
-- Вірність
-- Подвиг
655 ## - Термін індексування — жанр/форма
Жанр/форма Роман (воєнно-психологічний)
Типове ділення Роман
942 ## - ADDED ENTRY ELEMENTS (KOHA)
Джерело класифікації чи схема поличного розташування
Koha item type Книги
Фонди
Статус вилучення Статус втрати/відсутності Джерело класифікації чи схема поличного розташування Статус пошкодження Тип обігу (не для випозичання) Постійне розташування Поточне розташування Розташування у відділі Дата надходження Інвентарний номер Total Checkouts Повний (примірниковий) шифр зберігання Штрих-код Date last seen Дата, для якої чинна ціна заміни Тип одиниці (рівень примірника)
          Публічна бібліотека Публічна бібліотека Абонемент 29/04/2026 18774   821(477) 20327 29/04/2026 29/04/2026 Книги

Працює на АБІС Коха